=LDR 00000nam 2200000 4500 =001 INLIS000000000028996 =005 20210617095406 =035 ##$$a 0010-061300000028996 =008 210617################g##########0#ind## =041 ##$$a Ind =082 ##$$a 342.06 =090 ##$$a 342.06, Mcc m =100 ##$$a McCaskey, Michael B =245 1#$$a Memenangkan masa depan : $b Tantangan bagi setiap eksekutif /$c Michael B. McCaskey =260 ##$$a Jakarta :$b Pustaka Binaman,$c 1985 =300 ##$$a xv, 263 hlm, 22 cm : $b ilus ; $c 23 X 15 cm. =650 #4$$a Kekuasaan Eksekutif =850 ##$$a NBPNMAT =084 ##$$a 342.06 MCC m =250 ##$$a cet. 1 =990 ##$$a 115.252/pro-97 =990 ##$$a 115.253/pro-97